| 000 | 00757cam a2200265 4500 | ||
|---|---|---|---|
| 001 | J2376 | ||
| 008 | 090401t1994 xxu||||| |||| 00| 0 eng d | ||
| 035 | _a(Sirsi) u48762 | ||
| 041 | _aeng | ||
| 050 | _a694.014 | ||
| 100 | _aLea, R. Geraldine | ||
| 245 | _aHouse longhorn beetle: geographical distribution and pest status in the UK. | ||
| 260 |
_aGarston, Watford _bBuilding Research Establishment _c1994 |
||
| 300 | _a(4)p. : ill. ; 30cm. | ||
| 350 | _a0 | ||
| 490 |
_aBRE Information Paper _v8/94 |
||
| 650 | _aHOUSE LONGHORN BEETLE | ||
| 650 | _aINFESTATION | ||
| 650 | _aINSECTS | ||
| 650 | _aTIMBER | ||
| 690 | _aBUILT ENVIRONMENT-BUILDING PATHOLOGY | ||
| 710 | _aBuilding Research Establishment | ||
| 942 | _n0 | ||
| 948 | _c04/03/1997 | ||
| 999 |
_c92406 _d92406 |
||